Les personnages de Captain America : First Avenger - #5 - Statistiques

Statistiques générales
  • Ce quiz a été pris 19 fois
  • Le résultat moyen est 5 sur 10
Statistiques - réponses
Réponse % Correct
Steve Rogers / Captain America
93%
Johann Schmidt / Crâne Rouge
80%
Bucky Barnes
60%
Peggy Carter
60%
Howard Stark
53%
Arnim Zola
40%
Abraham Erskine
20%
Nick Fury
20%
Chester Philipps
13%
Dum Dum Dugan
13%
Aucun quiz correspondant
Distribution des résultats
% des personnes avec chaque résultat
Percentile par nombre de réponses
Votre historique - résultats
Vous n’avez pas pris ce quiz